Biological sequence analysis : (Record no. 7036)

MARC details
000 -LEADER
fixed length control field 01347cam a2200337 a 4500
001 - CONTROL NUMBER
control field 2127370
003 - CONTROL NUMBER IDENTIFIER
control field OSt
005 - DATE AND TIME OF LATEST TRANSACTION
control field 20210830094636.0
008 - FIXED-LENGTH DATA ELEMENTS--GENERAL INFORMATION
fixed length control field 971202s1998 enka b 001 0 eng
010 ## - LIBRARY OF CONGRESS CONTROL NUMBER
LC control number 97046769
020 ## - INTERNATIONAL STANDARD BOOK NUMBER
International Standard Book Number 0521620414 (hardcover)
020 ## - INTERNATIONAL STANDARD BOOK NUMBER
International Standard Book Number 0521629713 (pbk.)
040 ## - CATALOGING SOURCE
Original cataloging agency DLC
Transcribing agency DLC
Modifying agency DLC
050 00 - LIBRARY OF CONGRESS CALL NUMBER
Classification number QP620
Item number .B576 1998
082 00 - DEWEY DECIMAL CLASSIFICATION NUMBER
Classification number 572.8BIO1998
100 ## - MAIN ENTRY--PERSONAL NAME
Personal name Richard Durbin...[et al.].
9 (RLIN) 14470
245 00 - TITLE STATEMENT
Title Biological sequence analysis :
Remainder of title probabalistic models of proteins and nucleic acids /
Statement of responsibility, etc. Richard Durbin ... [et al.].
260 ## - PUBLICATION, DISTRIBUTION, ETC. (IMPRINT)
Place of publication, distribution, etc. Cambridge, UK :
-- New York :
Name of publisher, distributor, etc. Cambridge University Press,
Date of publication, distribution, etc. 1998.
300 ## - PHYSICAL DESCRIPTION
Extent xi,356 p. :
Other physical details ill. ;
Dimensions 26 cm.
504 ## - BIBLIOGRAPHY, ETC. NOTE
Bibliography, etc Includes bibliographical, index
650 #0 - SUBJECT ADDED ENTRY--TOPICAL TERM
Topical term or geographic name as entry element Nucleotide sequence
General subdivision Statistical methods.
9 (RLIN) 14471
650 #0 - SUBJECT ADDED ENTRY--TOPICAL TERM
Topical term or geographic name as entry element Biology
General subdivision Statistical methods.
9 (RLIN) 14472
650 #0 - SUBJECT ADDED ENTRY--TOPICAL TERM
Topical term or geographic name as entry element Numerical analysis.
9 (RLIN) 3742
650 #0 - SUBJECT ADDED ENTRY--TOPICAL TERM
Topical term or geographic name as entry element Probabilities.
9 (RLIN) 2821
700 1# - ADDED ENTRY--PERSONAL NAME
Personal name Durbin, Richard.
9 (RLIN) 14473
856 42 - ELECTRONIC LOCATION AND ACCESS
Materials specified Publisher description
Uniform Resource Identifier <a href="http://www.loc.gov/catdir/description/cam028/97046769.html">http://www.loc.gov/catdir/description/cam028/97046769.html</a>
856 41 - ELECTRONIC LOCATION AND ACCESS
Materials specified Table of contents
Uniform Resource Identifier <a href="http://www.loc.gov/catdir/toc/cam025/97046769.html">http://www.loc.gov/catdir/toc/cam025/97046769.html</a>
906 ## - LOCAL DATA ELEMENT F, LDF (RLIN)
a 7
b cbc
c orignew
d 1
e ocip
f 19
g y-gencatlg
942 ## - ADDED ENTRY ELEMENTS (KOHA)
Source of classification or shelving scheme Dewey Decimal Classification
Koha item type Open Shelf
Holdings
Withdrawn status Lost status Source of classification or shelving scheme Damaged status Not for loan Home library Current library Date acquired Source of acquisition Inventory number Total Checkouts Full call number Barcode Date last seen Price effective from Koha item type
    Dewey Decimal Classification     MUST Main Library MUST Main Library 30/08/2021 donation 03/18727   572.8BIO1998 2021-0723 30/08/2021 30/08/2021 Open Shelf